[Event "Hastings Masters"]
[Site "Horntye, Hastings"]
[Date "2017.12.28"]
[Round "1.17"]
[White "Villiers, Thomas"]
[Black "Tserendorj, Batsaikhan"]
[Result "1-0"]
[BlackElo "2066"]
[WhiteElo "2136"]
[EventDate "2017.12.28"]

1. e4 {[%clk 1:40:57]} e5 {[%clk 1:40:40]} 2. Nf3 {[%clk 1:41:13]} Nc6
{[%clk 1:41:05]} 3. Nc3 {[%clk 1:41:38]} Nf6 {[%clk 1:41:28]} 4. Bb5
{[%clk 1:42:05]} Bd6 {[%clk 1:41:45]} 5. O-O {[%clk 1:41:57]} O-O
{[%clk 1:42:10]} 6. d4 {[%clk 1:41:51]} exd4 {[%clk 1:41:55]} 7. Nxd4
{[%clk 1:42:11]} h6 {[%clk 1:41:31]} 8. Nf5 {[%clk 1:40:17]} Bc5 {[%clk 1:41:07]}
9. b4 {[%clk 1:22:31]} Bb6 {[%clk 1:39:20]} 10. Bb2 {[%clk 1:19:14]} d6
{[%clk 1:35:18]} 11. Nd5 {[%clk 1:13:16]} Nxd5 12. exd5 {[%clk 1:03:45]} Bxf5
{[%clk 1:30:25]} 13. dxc6 {[%clk 1:03:01]} Qg5 {[%clk 1:30:21]} 14. Qf3
{[%clk 0:59:14]} Rae8 {[%clk 1:25:31]} 15. cxb7 {[%clk 0:54:17]} Be4
{[%clk 1:25:39]} 16. Qg3 {[%clk 0:54:15]} Qxg3 {[%clk 1:23:06]} 17. hxg3
{[%clk 0:54:40]} Rb8 {[%clk 1:23:12]} 18. Rfe1 {[%clk 0:54:08]} f5
{[%clk 1:22:32]} 19. Kf1 {[%clk 0:52:28]} Bxb7 {[%clk 1:22:23]} 20. Re7
{[%clk 0:52:18]} Rf7 {[%clk 1:22:46]} 21. Rae1 {[%clk 0:51:57]} c6
{[%clk 1:21:49]} 22. Bd3 {[%clk 0:51:32]} Rbf8 {[%clk 1:20:04]} 23. Rxf7
{[%clk 0:47:01]} Kxf7 {[%clk 1:17:47]} 24. Bxf5 {[%clk 0:47:26]} Ba6+
{[%clk 1:18:14]} 25. Bd3 {[%clk 0:46:45]} Bxd3+ {[%clk 1:18:03]} 26. cxd3
{[%clk 0:47:08]} a5 {[%clk 1:17:59]} 27. Re4 {[%clk 0:46:40]} g5 {[%clk 1:17:50]}
28. bxa5 {[%clk 0:45:56]} Bxa5 {[%clk 1:18:08]} 29. Ra4 {[%clk 0:46:19]} Bb6
{[%clk 1:18:12]} 30. Rb4 {[%clk 0:46:23]} Bd8 {[%clk 1:16:24]} 31. Rb7+
{[%clk 0:45:44]} Be7 {[%clk 1:13:05]} 32. g4 {[%clk 0:40:45]} Ra8
{[%clk 1:12:06]} 33. Bg7 {[%clk 0:40:32]} Rxa2 {[%clk 1:10:14]} 34. Bxh6
{[%clk 0:40:40]} Ke6 {[%clk 1:10:41]} 35. Bg7 {[%clk 0:40:42]} Rd2
{[%clk 1:10:35]} 36. Rb3 {[%clk 0:40:48]} c5 {[%clk 1:10:41]} 37. Ke1
{[%clk 0:40:27]} Ra2 {[%clk 1:11:00]} 38. Rb2 {[%clk 0:39:15]} Ra1+
{[%clk 1:07:03]} 39. Ke2 {[%clk 0:39:28]} Ra4 {[%clk 1:06:53]} 40. f3
{[%clk 0:39:40]} Bf6 {[%clk 1:04:10]} 41. Bxf6 {[%clk 0:39:37]} Kxf6
{[%clk 1:04:36]} 42. g3 {[%clk 0:39:01]} Ke5 {[%clk 1:04:46]} 43. Rc2
{[%clk 0:38:53]} Kd4 {[%clk 1:04:11]} 44. f4 {[%clk 0:38:48]} d5 {[%clk 1:04:36]}
45. fxg5 {[%clk 0:36:39]} Ra8 {[%clk 1:04:32]} 46. Rc1 {[%clk 0:31:56]} Re8+
{[%clk 1:02:43]} 47. Kd2 {[%clk 0:31:49]} Re3 {[%clk 0:58:24]} 48. Rxc5
{[%clk 0:30:09]} Rxd3+ {[%clk 0:58:32]} 49. Ke2 {[%clk 0:29:49]} Rxg3
{[%clk 0:58:56]} 50. Ra5 {[%clk 0:30:02]} Re3+ {[%clk 0:59:06]} 51. Kf2
{[%clk 0:30:16]} Re6 {[%clk 0:59:17]} 52. Kf3 {[%clk 0:30:12]} Re8
{[%clk 0:48:13]} 53. Ra6 {[%clk 0:27:31]} Ke5 {[%clk 0:48:35]} 54. g6
{[%clk 0:27:40]} d4 {[%clk 0:47:37]} 55. g7 {[%clk 0:27:26]} Rg8 {[%clk 0:44:22]}
56. Rg6 {[%clk 0:27:35]} Kd5 {[%clk 0:44:49]} 57. Kf4 {[%clk 0:26:33]} Kc4
{[%clk 0:44:52]} 58. Ke4 {[%clk 0:24:11]} 1-0

[Event "Hastings Masters"]
[Site "Horntye, Hastings"]
[Date "2017.12.28"]
[Round "1.18"]
[White "Muir, Andrew J"]
[Black "Boino, Claudio"]
[Result "0-1"]
[BlackElo "2123"]
[WhiteElo "2297"]
[EventDate "2017.12.28"]

1. d4 {[%clk 1:40:57]} d5 {[%clk 1:40:52]} 2. c4 {[%clk 1:41:18]} e6
{[%clk 1:41:12]} 3. Nc3 {[%clk 1:41:30]} Be7 {[%clk 1:41:12]} 4. Nf3
{[%clk 1:39:38]} Nf6 {[%clk 1:41:33]} 5. Bg5 {[%clk 1:39:50]} h6 {[%clk 1:41:55]}
6. Bh4 {[%clk 1:39:51]} O-O {[%clk 1:42:15]} 7. e3 {[%clk 1:40:15]} b6
{[%clk 1:42:38]} 8. Be2 {[%clk 1:39:39]} Bb7 {[%clk 1:43:00]} 9. Bxf6
{[%clk 1:39:50]} Bxf6 {[%clk 1:43:28]} 10. cxd5 {[%clk 1:40:03]} exd5
{[%clk 1:43:50]} 11. b4 {[%clk 1:40:09]} c6 {[%clk 1:44:13]} 12. O-O
{[%clk 1:39:53]} Nd7 {[%clk 1:44:35]} 13. Qb3 {[%clk 1:36:51]} b5
{[%clk 1:39:54]} 14. e4 {[%clk 1:27:05]} dxe4 {[%clk 0:46:55]} 15. Nxe4
{[%clk 1:26:55]} Be7 {[%clk 0:39:38]} 16. Rad1 {[%clk 1:04:34]} a5
{[%clk 0:35:28]} 17. a3 {[%clk 0:59:32]} Nf6 {[%clk 0:25:39]} 18. Nxf6+
{[%clk 0:54:39]} Bxf6 {[%clk 0:26:05]} 19. Ne5 {[%clk 0:54:55]} Qd6
{[%clk 0:24:17]} 20. Bh5 {[%clk 0:46:11]} Bxe5 {[%clk 0:20:37]} 21. dxe5
{[%clk 0:46:18]} Qxe5 {[%clk 0:18:57]} 22. Bxf7+ {[%clk 0:46:07]} Rxf7
{[%clk 0:18:12]} 23. Rd7 {[%clk 0:45:52]} Qf6 {[%clk 0:17:01]} 24. Rxb7
{[%clk 0:45:50]} axb4 {[%clk 0:17:20]} 25. axb4 {[%clk 0:41:01]} Qxf2+
{[%clk 0:17:01]} 0-1

[Event "Hastings Masters"]
[Site "Horntye, Hastings"]
[Date "2017.12.28"]
[Round "1.19"]
[White "Rolvag, Mikael"]
[Black "Mannion, Stephen R"]
[Result "0-1"]
[BlackElo "2285"]
[WhiteElo "2113"]
[EventDate "2017.12.28"]

1. c4 {[%clk 1:40:57]} e5 {[%clk 1:40:52]} 2. g3 {[%clk 1:40:37]} Nf6
{[%clk 1:41:14]} 3. Bg2 {[%clk 1:40:45]} c6 {[%clk 1:41:34]} 4. Nf3
{[%clk 1:36:39]} e4 {[%clk 1:41:02]} 5. Nd4 {[%clk 1:37:03]} d5 {[%clk 1:41:15]}
6. cxd5 {[%clk 1:37:16]} Qxd5 {[%clk 1:41:19]} 7. Nc2 {[%clk 1:30:39]} Qh5
{[%clk 1:38:34]} 8. Nc3 {[%clk 1:29:22]} Bh3 {[%clk 1:34:24]} 9. Bxh3
{[%clk 1:28:32]} Qxh3 {[%clk 1:34:50]} 10. Ne3 {[%clk 1:28:46]} Bc5
{[%clk 1:16:36]} 11. Qc2 {[%clk 1:23:34]} Bxe3 {[%clk 1:11:40]} 12. dxe3
{[%clk 1:23:35]} Qg2 {[%clk 1:11:53]} 13. Rf1 {[%clk 1:24:01]} Nbd7
{[%clk 1:02:30]} 14. Bd2 {[%clk 1:23:31]} Ne5 {[%clk 0:58:47]} 15. h3
{[%clk 1:04:48]} O-O-O {[%clk 0:53:15]} 16. Na4 {[%clk 1:01:15]} Rd5
{[%clk 0:52:48]} 17. Bc3 {[%clk 0:58:30]} Re8 {[%clk 0:40:26]} 18. Bd4
{[%clk 0:53:12]} Rxd4 {[%clk 0:34:55]} 19. exd4 {[%clk 0:53:33]} Nf3+
{[%clk 0:35:01]} 20. exf3 {[%clk 0:53:56]} exf3+ {[%clk 0:35:26]} 21. Kd2
{[%clk 0:54:16]} Re2+ {[%clk 0:35:35]} 22. Kc3 {[%clk 0:54:37]} Nd5+
{[%clk 0:34:36]} 0-1

[Event "Hastings Masters"]
[Site "Horntye, Hastings"]
[Date "2017.12.28"]
[Round "1.20"]
[White "Maisuradze, Nino"]
[Black "White, Stuart A"]
[Result "0-1"]
[BlackElo "2112"]
[WhiteElo "2256"]
[EventDate "2017.12.28"]

1. e4 {[%clk 1:40:22]} c5 {[%clk 1:40:52]} 2. Nc3 {[%clk 1:41:17]} Nc6
{[%clk 1:41:16]} 3. Bb5 {[%clk 1:40:36]} Nd4 {[%clk 1:39:47]} 4. Bc4
{[%clk 1:40:59]} g6 {[%clk 1:37:04]} 5. Nge2 {[%clk 1:38:13]} Bg7
{[%clk 1:35:25]} 6. O-O {[%clk 1:34:50]} a6 {[%clk 1:20:55]} 7. a4
{[%clk 1:33:14]} e6 {[%clk 1:21:02]} 8. Nxd4 {[%clk 1:29:46]} cxd4
{[%clk 1:19:42]} 9. Ne2 {[%clk 1:30:12]} Ne7 {[%clk 1:17:12]} 10. c3
{[%clk 1:24:52]} Nc6 {[%clk 1:12:06]} 11. f4 {[%clk 1:18:04]} d5 {[%clk 1:02:29]}
12. Bd3 {[%clk 1:04:16]} O-O {[%clk 0:56:44]} 13. e5 {[%clk 0:59:59]} f6
{[%clk 0:53:20]} 14. exf6 {[%clk 0:47:04]} Qxf6 {[%clk 0:52:41]} 15. Rb1
{[%clk 0:19:30]} e5 {[%clk 0:37:04]} 16. cxd4 {[%clk 0:19:31]} e4
{[%clk 0:36:16]} 17. Bc2 {[%clk 0:19:48]} Bg4 {[%clk 0:32:01]} 18. h3
{[%clk 0:13:31]} Bxe2 {[%clk 0:32:08]} 19. Qxe2 {[%clk 0:13:57]} Nxd4
{[%clk 0:32:21]} 20. Qd1 {[%clk 0:14:19]} Qb6 {[%clk 0:32:26]} 21. Kh1
{[%clk 0:12:58]} Rac8 {[%clk 0:32:48]} 22. a5 {[%clk 0:13:11]} Qxa5
{[%clk 0:25:50]} 23. b4 {[%clk 0:07:19]} Qc7 {[%clk 0:18:41]} 24. Bb3
{[%clk 0:07:13]} Nxb3 {[%clk 0:17:39]} 25. Qxb3 {[%clk 0:07:39]} Qc4
{[%clk 0:13:39]} 26. Qxc4 {[%clk 0:03:45]} Rxc4 {[%clk 0:14:02]} 27. b5
{[%clk 0:01:11]} Rfc8 {[%clk 0:10:31]} 28. Ba3 {[%clk 0:00:36]} Rc2
{[%clk 0:08:45]} 29. Rfd1 {[%clk 0:00:46]} Ra2 {[%clk 0:07:42]} 30. Bd6
{[%clk 0:00:35]} a5 {[%clk 0:06:37]} 31. b6 {[%clk 0:00:41]} Kf7 {[%clk 0:04:23]}
32. Rbc1 {[%clk 0:00:40]} Rac2 {[%clk 0:04:30]} 33. Bc7 {[%clk 0:00:59]} Rxc1
{[%clk 0:04:03]} 34. Rxc1 {[%clk 0:01:29]} Bd4 {[%clk 0:04:16]} 35. Rb1
{[%clk 0:00:55]} Ke6 {[%clk 0:03:59]} 36. Rb3 {[%clk 0:00:39]} Ra8
{[%clk 0:03:57]} 37. Ra3 {[%clk 0:00:38]} a4 {[%clk 0:03:39]} 38. g4
{[%clk 0:01:00]} Bc5 {[%clk 0:03:00]} 39. Ra2 {[%clk 0:01:20]} d4
{[%clk 0:02:39]} 40. Kg2 {[%clk 0:01:34]} Kd5 {[%clk 0:02:41]} 41. f5
{[%clk 0:00:52]} gxf5 {[%clk 0:02:20]} 42. gxf5 {[%clk 0:01:21]} d3
{[%clk 0:01:56]} 43. Kg3 {[%clk 0:00:43]} a3 {[%clk 0:00:50]} 44. Kf4
{[%clk 0:00:48]} Bd4 {[%clk 0:50:20]} 45. h4 {[%clk 0:45:50]} Bb2
{[%clk 0:48:28]} 46. h5 {[%clk 0:44:35]} h6 {[%clk 0:47:53]} 0-1

[Event "Hastings Masters"]
[Site "Horntye, Hastings"]
[Date "2017.12.28"]
[Round "1.21"]
[White "Coote, Trevor D"]
[Black "Pitschka, Claus"]
[Result "1/2-1/2"]
[BlackElo "2249"]
[WhiteElo "2104"]
[EventDate "2017.12.28"]

1. e4 {[%clk 1:29:04]} Nf6 {[%clk 1:40:36]} 2. e5 {[%clk 1:29:18]} Nd5
{[%clk 1:40:53]} 3. d4 {[%clk 1:29:42]} Nb6 {[%clk 1:40:56]} 4. c4
{[%clk 1:28:40]} d6 {[%clk 1:41:13]} 5. exd6 {[%clk 1:24:39]} cxd6
{[%clk 1:41:35]} 6. Nc3 {[%clk 1:24:37]} g6 {[%clk 1:41:50]} 7. Be3
{[%clk 1:20:56]} Bg7 {[%clk 1:41:56]} 8. Qd2 {[%clk 1:20:40]} Nc6
{[%clk 1:38:58]} 9. h3 {[%clk 1:18:39]} d5 {[%clk 1:34:10]} 10. cxd5
{[%clk 1:06:11]} Nxd5 11. Nf3 {[%clk 1:05:17]} O-O {[%clk 1:30:57]} 12. Rc1
{[%clk 0:53:18]} e5 {[%clk 1:24:59]} 13. Nxd5 {[%clk 0:47:53]} Qxd5
{[%clk 1:24:59]} 14. Bc4 {[%clk 0:47:56]} Qd8 {[%clk 1:21:31]} 15. d5
{[%clk 0:41:45]} 1/2-1/2

[Event "Hastings Masters"]
[Site "Horntye, Hastings"]
[Date "2017.12.28"]
[Round "1.22"]
[White "Dempsey, John"]
[Black "Coleman, David J"]
[Result "1-0"]
[BlackElo "2076"]
[WhiteElo "1911"]
[EventDate "2017.12.28"]

1. e4 {[%clk 1:25:54]} c5 {[%clk 1:40:46]} 2. Nf3 {[%clk 1:26:20]} d6
{[%clk 1:41:03]} 3. Bb5+ {[%clk 1:26:46]} Bd7 {[%clk 1:41:22]} 4. Bxd7+
{[%clk 1:27:10]} Qxd7 {[%clk 1:41:41]} 5. O-O {[%clk 1:27:32]} Nc6
{[%clk 1:41:59]} 6. c3 {[%clk 1:27:54]} Nf6 {[%clk 1:41:56]} 7. Re1
{[%clk 1:28:11]} e6 {[%clk 1:41:53]} 8. d4 {[%clk 1:28:28]} cxd4 {[%clk 1:41:31]}
9. cxd4 {[%clk 1:28:27]} d5 {[%clk 1:41:27]} 10. e5 {[%clk 1:27:26]} Ne4
{[%clk 1:41:32]} 11. Nc3 {[%clk 1:26:42]} Nxc3 {[%clk 1:40:51]} 12. bxc3
{[%clk 1:27:06]} Be7 {[%clk 1:34:48]} 13. Qe2 {[%clk 1:24:53]} Rc8
{[%clk 1:33:00]} 14. Bg5 {[%clk 1:19:30]} h6 {[%clk 1:30:41]} 15. Bxe7
{[%clk 1:16:36]} Nxe7 {[%clk 1:29:56]} 16. Rac1 {[%clk 1:14:56]} O-O
{[%clk 1:22:00]} 17. h4 {[%clk 1:13:05]} Rc6 {[%clk 1:20:13]} 18. h5
{[%clk 1:10:00]} Qc7 {[%clk 1:00:21]} 19. Qd2 {[%clk 1:09:27]} b5
{[%clk 0:55:23]} 20. g4 {[%clk 1:09:07]} Rc8 {[%clk 0:54:26]} 21. Re3
{[%clk 1:03:55]} b4 {[%clk 0:51:18]} 22. Nh4 {[%clk 1:00:55]} Rxc3
{[%clk 0:48:22]} 23. Rexc3 {[%clk 1:01:16]} bxc3 {[%clk 0:48:41]} 24. Qe3
{[%clk 0:58:58]} c2 {[%clk 0:39:17]} 25. g5 {[%clk 0:53:49]} Qc3 {[%clk 0:35:00]}
26. gxh6 {[%clk 0:50:24]} Qxe3 {[%clk 0:24:43]} 27. fxe3 {[%clk 0:50:45]} Rc3
{[%clk 0:23:08]} 28. Kf2 {[%clk 0:51:08]} Nc6 {[%clk 0:20:28]} 29. Ke2
{[%clk 0:47:55]} Nb4 {[%clk 0:19:54]} 30. Kd2 {[%clk 0:48:05]} Rd3+
{[%clk 0:17:58]} 31. Ke2 {[%clk 0:48:18]} Ra3 {[%clk 0:12:32]} 32. Nf3
{[%clk 0:43:38]} Rxa2 {[%clk 0:10:02]} 33. Ne1 {[%clk 0:43:05]} Rb2
{[%clk 0:03:17]} 34. Kd2 {[%clk 0:43:04]} a5 {[%clk 0:00:48]} 35. Nd3
{[%clk 0:38:33]} Nxd3 {[%clk 0:00:36]} 36. Kxd3 {[%clk 0:38:57]} Kh7 37. hxg7
{[%clk 1:28:31]} Kxg7 {[%clk 0:49:56]} 1-0

[Event "Hastings Masters"]
[Site "Horntye, Hastings"]
[Date "2017.12.28"]
[Round "1.23"]
[White "Rayner, Francis"]
[Black "Fowler, David"]
[Result "1-0"]
[BlackElo "1904"]
[WhiteElo "2071"]
[EventDate "2017.12.28"]

1. e4 {[%clk 1:40:45]} c6 {[%clk 1:40:53]} 2. d4 {[%clk 1:40:47]} d5
{[%clk 1:41:17]} 3. Nd2 {[%clk 1:39:51]} dxe4 {[%clk 1:41:36]} 4. Nxe4
{[%clk 1:40:20]} Nd7 {[%clk 1:41:52]} 5. Bc4 {[%clk 1:34:25]} Ngf6
{[%clk 1:40:25]} 6. Nxf6+ {[%clk 1:32:56]} Nxf6 {[%clk 1:40:39]} 7. Nf3
{[%clk 1:32:31]} Bf5 {[%clk 1:39:29]} 8. Qe2 {[%clk 1:29:21]} e6 {[%clk 1:38:15]}
9. Bg5 {[%clk 1:28:01]} Be7 {[%clk 1:37:34]} 10. O-O-O {[%clk 1:27:05]} O-O
{[%clk 1:31:22]} 11. Ne5 {[%clk 1:25:25]} Nd7 {[%clk 1:25:07]} 12. Bxe7
{[%clk 1:22:10]} Qxe7 {[%clk 1:24:49]} 13. Nxd7 {[%clk 1:20:55]} Qxd7
{[%clk 1:25:13]} 14. g4 {[%clk 1:20:55]} Bg6 {[%clk 1:21:55]} 15. h4
{[%clk 1:20:44]} b5 {[%clk 1:21:20]} 16. Bb3 {[%clk 1:17:55]} Qc7
{[%clk 1:15:20]} 17. Qe3 {[%clk 1:14:26]} h5 {[%clk 1:13:00]} 18. gxh5
{[%clk 1:10:23]} Bxh5 {[%clk 1:07:53]} 19. Rdg1 {[%clk 1:10:30]} Kh7
{[%clk 1:00:55]} 20. Rg5 {[%clk 1:01:33]} Bg6 {[%clk 0:57:25]} 21. Rhg1
{[%clk 0:58:33]} Rg8 {[%clk 0:50:33]} 22. Qf3 {[%clk 0:54:51]} Qd6
{[%clk 0:45:51]} 23. Qh5+ {[%clk 0:54:00]} 1-0

[Event "Hastings Masters"]
[Site "Horntye, Hastings"]
[Date "2017.12.28"]
[Round "1.24"]
[White "Spanton, Tim R"]
[Black "Verma, Aditya"]
[Result "1/2-1/2"]
[BlackElo "2069"]
[WhiteElo "1880"]
[EventDate "2017.12.28"]

1. d4 {[%clk 1:40:57]} d5 {[%clk 1:35:50]} 2. c4 {[%clk 1:41:22]} c6
{[%clk 1:36:14]} 3. Nf3 {[%clk 1:41:44]} Nf6 {[%clk 1:36:32]} 4. Nc3
{[%clk 1:42:07]} e6 {[%clk 1:36:48]} 5. Bg5 {[%clk 1:42:24]} Nbd7
{[%clk 1:36:18]} 6. cxd5 {[%clk 1:42:43]} exd5 {[%clk 1:36:40]} 7. e3
{[%clk 1:43:10]} Be7 {[%clk 1:37:02]} 8. Bd3 {[%clk 1:43:34]} O-O
{[%clk 1:37:24]} 9. Qc2 {[%clk 1:44:01]} Re8 {[%clk 1:37:46]} 10. O-O
{[%clk 1:44:24]} Nf8 {[%clk 1:38:11]} 11. h3 {[%clk 1:44:30]} Bd6
{[%clk 1:26:13]} 12. e4 {[%clk 1:39:41]} dxe4 {[%clk 1:24:55]} 13. Nxe4
{[%clk 1:38:07]} Be7 {[%clk 1:24:40]} 14. Rfe1 {[%clk 1:34:55]} Be6
{[%clk 1:18:00]} 15. Nc5 {[%clk 1:31:17]} Bd5 {[%clk 1:16:48]} 16. Nxb7
{[%clk 1:29:55]} Qc8 {[%clk 1:00:54]} 17. Bxf6 {[%clk 1:29:16]} gxf6
{[%clk 1:00:13]} 18. Nc5 {[%clk 1:24:03]} Bxf3 {[%clk 0:59:16]} 19. Bf5
{[%clk 1:23:56]} Qd8 {[%clk 0:50:21]} 20. gxf3 {[%clk 1:24:11]} Qxd4
{[%clk 0:49:07]} 21. Ne4 {[%clk 1:23:07]} Bb4 {[%clk 0:39:41]} 22. Red1
{[%clk 1:14:01]} Qe5 {[%clk 0:37:49]} 23. Qxc6 {[%clk 1:11:59]} Be7
{[%clk 0:26:26]} 24. Qd5 {[%clk 1:08:27]} Qxb2 {[%clk 0:23:56]} 25. Rab1
{[%clk 1:06:05]} Qe5 {[%clk 0:20:33]} 26. Qxe5 {[%clk 1:03:57]} fxe5
{[%clk 0:20:44]} 27. Rd5 {[%clk 1:04:02]} Bd8 {[%clk 0:11:42]} 28. Rbb5
{[%clk 1:01:39]} Kg7 {[%clk 0:09:52]} 29. Rxe5 {[%clk 1:01:06]} Rxe5
{[%clk 0:10:15]} 30. Rxe5 {[%clk 1:01:30]} Bb6 {[%clk 0:10:07]} 31. Rd5
{[%clk 1:00:43]} 1/2-1/2

[Event "Hastings Masters"]
[Site "Horntye, Hastings"]
[Date "2017.12.28"]
[Round "1.25"]
[White "Ter Steeg, Marcus"]
[Black "Dev, Shah"]
[Result "1-0"]
[BlackElo "1877"]
[WhiteElo "2066"]
[EventDate "2017.12.28"]

1. d4 {[%clk 1:40:58]} d5 {[%clk 1:38:54]} 2. c4 {[%clk 1:41:04]} c6
{[%clk 1:39:23]} 3. Nf3 {[%clk 1:41:16]} Nf6 {[%clk 1:39:33]} 4. e3
{[%clk 1:40:10]} g6 {[%clk 1:39:57]} 5. Nc3 {[%clk 1:37:56]} Bg7 {[%clk 1:40:20]}
6. Bd3 {[%clk 1:31:40]} O-O {[%clk 1:40:40]} 7. O-O {[%clk 1:31:54]} dxc4
{[%clk 1:40:48]} 8. Bxc4 {[%clk 1:32:15]} Bg4 {[%clk 1:41:10]} 9. Qb3
{[%clk 1:23:52]} Bxf3 {[%clk 1:35:00]} 10. gxf3 {[%clk 1:10:01]} b5
{[%clk 1:29:53]} 11. Be2 {[%clk 1:09:00]} Nbd7 {[%clk 1:28:33]} 12. a4
{[%clk 1:01:56]} a6 {[%clk 1:26:45]} 13. axb5 {[%clk 0:59:25]} cxb5
{[%clk 1:23:21]} 14. f4 {[%clk 0:57:17]} Qb6 {[%clk 1:19:15]} 15. Bf3
{[%clk 0:48:09]} Rac8 {[%clk 1:08:17]} 16. Qa2 {[%clk 0:38:09]} Nb8
{[%clk 1:07:16]} 17. Nd5 {[%clk 0:30:07]} Nxd5 {[%clk 1:05:47]} 18. Bxd5
{[%clk 0:28:28]} e6 {[%clk 1:06:06]} 19. Be4 {[%clk 0:28:34]} f5 {[%clk 0:42:46]}
20. Bf3 {[%clk 0:26:20]} h6 {[%clk 0:41:30]} 21. Bd2 {[%clk 0:23:06]} g5
{[%clk 0:40:11]} 22. fxg5 {[%clk 0:23:13]} hxg5 {[%clk 0:40:39]} 23. Qa5
{[%clk 0:15:30]} Qxa5 {[%clk 0:38:46]} 24. Bxa5 {[%clk 0:14:47]} e5
{[%clk 0:33:32]} 25. Bd5+ {[%clk 0:13:32]} Kh8 {[%clk 0:33:10]} 26. Be6
{[%clk 0:11:24]} Rc2 {[%clk 0:29:12]} 27. d5 {[%clk 0:10:22]} Rxb2
{[%clk 0:28:01]} 28. d6 {[%clk 0:06:48]} Nc6 {[%clk 0:26:41]} 29. Bc7
{[%clk 0:06:48]} a5 {[%clk 0:27:05]} 30. Bd7 {[%clk 0:05:04]} Nb8
{[%clk 0:27:09]} 31. Be6 {[%clk 0:04:41]} Nc6 {[%clk 0:26:51]} 32. Rfc1
{[%clk 0:04:34]} Nd8 {[%clk 0:26:07]} 33. Bd7 {[%clk 0:03:49]} a4
{[%clk 0:26:11]} 34. Rab1 {[%clk 0:02:00]} e4 {[%clk 0:26:05]} 35. Bxb5
{[%clk 0:01:28]} a3 {[%clk 0:26:34]} 36. Bc4 {[%clk 0:00:31]} a2 {[%clk 0:26:36]}
37. Ra1 {[%clk 0:00:33]} Nc6 {[%clk 0:26:34]} 38. Rxa2 {[%clk 0:00:39]} Ne5
{[%clk 0:27:02]} 39. Rxb2 {[%clk 0:00:41]} Nf3+ {[%clk 0:27:31]} 40. Kg2
{[%clk 0:00:44]} Bxb2 {[%clk 0:27:59]} 41. Rd1 {[%clk 0:46:12]} Be5
{[%clk 1:18:09]} 42. Ba5 {[%clk 0:44:41]} Bf6 {[%clk 1:15:37]} 43. Be6
{[%clk 0:28:45]} Kg7 {[%clk 1:15:13]} 44. d7 {[%clk 0:20:31]} Bd8
{[%clk 1:14:37]} 45. Bb4 {[%clk 0:20:25]} Rh8 {[%clk 1:13:18]} 46. Bc3+
{[%clk 0:19:51]} Bf6 {[%clk 1:13:46]} 47. d8=Q {[%clk 0:17:50]} Rxd8
{[%clk 1:14:07]} 48. Rxd8 {[%clk 0:17:43]} Bxc3 {[%clk 1:14:34]} 49. h3
{[%clk 0:15:15]} Be5 {[%clk 1:11:01]} 50. Rd7+ {[%clk 0:13:42]} Kf6
{[%clk 1:11:08]} 51. Bd5 {[%clk 0:12:58]} Bc3 {[%clk 1:06:49]} 52. Rc7
{[%clk 0:11:21]} Bb4 {[%clk 1:06:51]} 53. Rc4 {[%clk 0:10:55]} Bd6
{[%clk 1:07:01]} 54. Rc6 {[%clk 0:10:34]} Ke5 {[%clk 1:07:29]} 55. Bg8
{[%clk 0:10:43]} Nh4+ {[%clk 1:06:29]} 56. Kf1 {[%clk 0:10:47]} Nf3
{[%clk 1:06:58]} 57. Bh7 {[%clk 0:10:53]} Bb4 {[%clk 1:05:23]} 58. Rb6
{[%clk 0:10:45]} Bd6 {[%clk 1:04:33]} 59. Rb5+ {[%clk 0:10:59]} Kf6
{[%clk 1:04:54]} 60. Bxf5 {[%clk 0:10:05]} Be5 {[%clk 1:05:23]} 61. Bh7
{[%clk 0:09:28]} Bd6 {[%clk 1:05:01]} 62. Kg2 {[%clk 0:08:13]} Nh4+
{[%clk 1:05:14]} 63. Kh1 {[%clk 0:08:25]} 1-0

[Event "Hastings Masters"]
[Site "Horntye, Hastings"]
[Date "2017.12.28"]
[Round "1.26"]
[White "Flynn, David"]
[Black "Derakhshani, Borna"]
[Result "0-1"]
[BlackElo "2298"]
[WhiteElo "1876"]
[EventDate "2017.12.28"]

1. e4 {[%clk 1:10:58]} c6 {[%clk 1:09:45]} 2. d4 {[%clk 1:11:24]} d5
{[%clk 1:10:09]} 3. e5 {[%clk 1:11:51]} Bf5 {[%clk 1:10:32]} 4. Nf3
{[%clk 1:12:17]} e6 {[%clk 1:10:40]} 5. Be2 {[%clk 1:12:44]} Nd7 {[%clk 1:09:46]}
6. O-O {[%clk 1:11:20]} c5 {[%clk 1:08:24]} 7. Nbd2 {[%clk 1:09:55]} Bg6
{[%clk 1:06:30]} 8. c4 {[%clk 1:00:42]} cxd4 {[%clk 1:03:00]} 9. Nxd4
{[%clk 0:59:12]} Ne7 {[%clk 0:51:38]} 10. N2f3 {[%clk 0:55:18]} Nb6
{[%clk 0:48:26]} 11. c5 {[%clk 0:44:53]} Nd7 {[%clk 0:48:17]} 12. Qa4
{[%clk 0:27:31]} Nc6 {[%clk 0:43:12]} 13. Nxc6 {[%clk 0:23:51]} bxc6
{[%clk 0:43:14]} 14. Be3 {[%clk 0:23:03]} Qc7 {[%clk 0:42:55]} 15. Rac1
{[%clk 0:17:58]} Be7 {[%clk 0:41:54]} 16. Rfd1 {[%clk 0:12:48]} O-O
{[%clk 0:41:15]} 17. h3 {[%clk 0:10:39]} a5 {[%clk 0:38:03]} 18. Bd3
{[%clk 0:10:21]} Rfb8 {[%clk 0:35:46]} 19. Bxg6 {[%clk 0:09:44]} hxg6
{[%clk 0:36:06]} 20. Bd4 {[%clk 0:05:20]} Rb4 {[%clk 0:36:01]} 21. Qc2
{[%clk 0:04:37]} Qa7 {[%clk 0:32:52]} 22. b3 {[%clk 0:04:27]} a4 {[%clk 0:32:34]}
23. Bc3 {[%clk 0:03:55]} axb3 {[%clk 0:27:36]} 24. axb3 {[%clk 0:04:24]} Rb7
{[%clk 0:25:29]} 25. b4 {[%clk 0:04:52]} Qb8 {[%clk 0:25:29]} 26. Re1
{[%clk 0:05:03]} Rxb4 {[%clk 0:22:05]} 27. Bxb4 {[%clk 0:04:58]} Qxb4
{[%clk 0:22:34]} 28. Rb1 {[%clk 0:03:16]} Qxc5 {[%clk 0:21:34]} 29. Qxc5
{[%clk 0:03:42]} Nxc5 {[%clk 0:20:52]} 30. Nd4 {[%clk 0:03:52]} Nd3
{[%clk 0:19:27]} 31. Nxc6 {[%clk 0:01:35]} Nxe1 {[%clk 0:16:51]} 32. Nxe7+
{[%clk 0:02:01]} Kf8 {[%clk 0:17:20]} 33. Nxg6+ {[%clk 0:02:18]} fxg6
{[%clk 0:17:46]} 34. Rxe1 {[%clk 0:02:41]} g5 {[%clk 0:17:37]} 35. Rb1
{[%clk 0:02:05]} Kf7 {[%clk 0:17:33]} 36. Rb7+ {[%clk 0:01:37]} Kg6
{[%clk 0:18:02]} 37. g4 {[%clk 0:01:49]} Ra1+ {[%clk 0:18:24]} 38. Kg2
{[%clk 0:01:51]} Re1 {[%clk 0:18:53]} 39. h4 {[%clk 0:01:41]} Rxe5
{[%clk 0:18:16]} 40. h5+ {[%clk 0:01:27]} Kf6 {[%clk 0:18:26]} 41. Rb8
{[%clk 0:01:21]} d4 {[%clk 0:18:32]} 42. Rf8+ {[%clk 0:01:03]} Ke7
{[%clk 0:18:54]} 43. Rg8 {[%clk 0:01:15]} Kf7 {[%clk 0:19:08]} 44. Rd8
{[%clk 0:50:00]} Re4 {[%clk 1:08:51]} 45. f3 {[%clk 0:50:00]} Rf4
{[%clk 1:08:38]} 46. Kf2 {[%clk 0:48:19]} e5 {[%clk 1:08:54]} 47. Ke2
{[%clk 0:48:22]} e4 {[%clk 1:08:08]} 48. fxe4 {[%clk 0:46:01]} Rxe4+
{[%clk 1:08:34]} 49. Kd3 {[%clk 0:29:57]} Rxg4 {[%clk 1:08:55]} 50. Rxd4
{[%clk 0:30:07]} Rxd4+ {[%clk 1:08:50]} 51. Kxd4 {[%clk 0:30:33]} Kf6
{[%clk 1:09:13]} 52. Ke4 {[%clk 0:30:50]} Ke6 {[%clk 1:09:38]} 53. Kf3
{[%clk 0:21:37]} Kf5 {[%clk 1:10:02]} 54. Kg3 {[%clk 0:22:02]} g4
{[%clk 1:10:27]} 55. Kh4 {[%clk 0:22:22]} Kf4 {[%clk 1:10:53]} 56. h6 0-1